Le cadavre vivant (Record no. 135333)

MARC details
000 -LEADER
campo de control de longitud fija 00623nam a2200193 i 4500
001 - NÚMERO DE CONTROL
campo de control 135333
003 - IDENTIFICADOR DE NÚMERO DE CONTROL
campo de control ES-MaACL
005 - FECHA Y HORA DE LA ÚLTIMA TRANSACCIÓN
campo de control 20260316165933.0
007 - CAMPO FIJO DE DESCRIPCIÓN FÍSICA--INFORMACIÓN GENERAL
campo de control de longitud fija t|
008 - DATOS DE LONGITUD FIJA--INFORMACIÓN GENERAL
campo de control de longitud fija 070716q19001910fr ||||1| fre d
100 1# - ENTRADA PRINCIPAL--NOMBRE DE PERSONA
Nombre de persona Tolstói, Lev,
Fechas asociadas al nombre 1828-1910
9 (RLIN) 110489
245 13 - MENCIÓN DEL TÍTULO
Título Le cadavre vivant
Resto del título : pièce en six actes /
Mención de responsabilidad, etc. Lev Nikolaevich Tolstoï ; traduit du russe par E. Halperine-Kaminsky.
250 ## - MENCION DE EDICION
Mención de edición 4ª ed.
260 ## - PUBLICACIÓN, DISTRIBUCIÓN, ETC.
Lugar de publicación, distribución, etc. Paris :
Nombre del editor, distribuidor, etc. L'Edit. Moderne,
Fecha de publicación, distribución, etc. [19--?]
300 ## - DESCRIPCIÓN FÍSICA
Extensión 286 p. ;
Dimensiones 20 cm.
700 1# - ENTRADA AGREGADA--NOMBRE PERSONAL
Nombre de persona Gal'perin-Kaminskij, Il'â Danilovic,
Fechas asociadas al nombre 1858-1936
9 (RLIN) 127773
852 ## - LOCALIZACIÓN
Ubicación ES-MaACL
Número de control de estantería F-9756
Holdings
Estatus retirado Estado de pérdida Estado de daño No para préstamo Colección Biblioteca de origen Biblioteca actual Ubicación en estantería Fecha de adquisición Fuente de adquisición Total de préstamos Signatura topográfica completa Código de barras Visto por última vez Precio de reemplazo Tipo de ítem Koha
        Libros del s. XIX Biblioteca del Ateneo de Madrid Biblioteca del Ateneo de Madrid Sala Pecera Planta 2 17/01/2008     F-9756 1140858 23/02/2023 23/02/2023 Libro impreso antiguo